Histoire et politique des États Unis - Statistiques

Statistiques générales
  • Ce quiz a été pris 287 fois
  • Le résultat moyen est 12 sur 20
Statistiques - réponses
Indice Réponse % Correct
Qui était le premier président des États Unis ? George Washington
96%
Qui fut le premier président noir des États Unis ? Barack Obama
93%
Le mont Rushmore représente les quatre présidents assassinés pendant leur mandat: vrai ou faux ? Faux
93%
Quel jour célèbre t-on la fête nationale des États Unis ? Le 4 juillet
88%
Quel territoire fut racheté à la Russie en 1867 ? L’Alaska
82%
Quelle guerre a eu pour dates 1861-1865 ? La guerre de Sécession
79%
Combien d’états y avait-il à la fondation des États Unis ? 13
77%
Quel célèbre acteur a été élu président en 1981 ? Ronald Reagan
76%
Qui fut le seul président à avoir démissionner durant son mandat ? Richard Nixon
69%
Quel est le symbole du parti républicain ? Éléphant
68%
Quel était l’enjeu principal de cette guerre ? L’esclavage
63%
Quel est le symbole du parti démocrate ? Âne
56%
En quelle année l’esclavage a-t-il été aboli ? 1865
55%
Qui fut le premier président républicain ? Abraham Lincoln
50%
Quel bâtiment abrite le Sénat et la Chambre des représentants ? Le capitole
47%
Que signifie DC dans Washington DC District of Columbia
43%
Quelle est la devise des États Unis ? In God We Trust
37%
À part Donald J. Trump, qui fut l’autre prédisent à avoir été élu deux fois de manière non-consécutive ? Grover Cleveland
24%
Les deux états qui ne pratiquent pas le « winner takes all » lors des élections présidentielles sont le Nebraska et le … Maine
23%
Quel parti est l’ancêtre du parti républicain ? Le parti Whig
21%
Aucun quiz correspondant
Distribution des résultats
% des personnes avec chaque résultat
Percentile par nombre de réponses
Votre historique - résultats
Vous n’avez pas pris ce quiz